000 00373 a2200121 4500
001 ART_11925
005 20260410161901.0
008 260409a
245 1 0 _aDividend taxes, corporate investment, and "Q"
100 1 _aPoterba, James
700 1 _aSummers, Lawrence H.
773 0 _tJournal of public economics
_g- Vol. 22, NÂș 2 (nov. 1983)
_wREV11485
999 _c25950
_d25950